[Event "20 ans"]
[Site "?"]
[Date "2016.10.22"]
[Round "4.2"]
[White "Donchenko, Alexander"]
[Black "Korobov, Anton"]
[Result "0-1"]
[BlackElo "2687"]
[WhiteElo "2581"]
[LiveChessVersion "1.4.6"]

1. d4 {[%clk 1:30:58]} d5 {[%clk 1:30:51]} 2. c4 {[%clk 1:31:18]} c6
{[%clk 1:31:15]} 3. Nf3 {[%clk 1:31:38]} Nf6 {[%clk 1:31:38]} 4. e3
{[%clk 1:31:52]} Bf5 {[%clk 1:31:53]} 5. Nc3 {[%clk 1:32:06]} e6 {[%clk 1:32:04]}
6. Nh4 {[%clk 1:32:17]} Bg6 {[%clk 1:32:24]} 7. Be2 {[%clk 1:32:17]} Nbd7
{[%clk 1:32:39]} 8. O-O {[%clk 1:32:10]} Ne4 {[%clk 1:32:48]} 9. g3
{[%clk 1:30:57]} Nd6 {[%clk 1:33:10]} 10. c5 {[%clk 1:29:01]} Nf5
{[%clk 1:33:28]} 11. Nxg6 {[%clk 1:28:07]} hxg6 {[%clk 1:29:36]} 12. b4
{[%clk 1:28:11]} Be7 {[%clk 1:27:54]} 13. f4 {[%clk 1:14:38]} g5 {[%clk 1:23:01]}
14. g4 {[%clk 1:10:15]} Nh4 {[%clk 1:20:56]} 15. Bd2 {[%clk 1:05:12]} f5
{[%clk 1:16:24]} 16. Be1 {[%clk 1:01:47]} gxf4 {[%clk 1:08:37]} 17. exf4
{[%clk 0:56:48]} Nf6 {[%clk 1:04:23]} 18. g5 {[%clk 0:52:41]} Ne4
{[%clk 1:04:45]} 19. Qd3 {[%clk 0:50:47]} Kf7 {[%clk 0:59:30]} 20. Qe3
{[%clk 0:43:54]} Rh7 {[%clk 0:38:50]} 21. Nxe4 {[%clk 0:40:25]} dxe4
{[%clk 0:36:57]} 22. b5 {[%clk 0:38:06]} Ng6 {[%clk 0:32:19]} 23. bxc6
{[%clk 0:33:48]} bxc6 {[%clk 0:32:46]} 24. Rb1 {[%clk 0:33:36]} Rb8
{[%clk 0:31:27]} 25. Bg3 {[%clk 0:27:37]} Bf8 {[%clk 0:31:49]} 26. Rxb8
{[%clk 0:26:44]} Qxb8 {[%clk 0:32:14]} 27. Qb3 {[%clk 0:27:05]} Qd8
{[%clk 0:30:28]} 28. Bc4 {[%clk 0:21:41]} Qd7 {[%clk 0:24:11]} 29. Rb1
{[%clk 0:21:30]} Be7 {[%clk 0:24:36]} 30. Qc3 {[%clk 0:18:05]} Rh8
{[%clk 0:24:08]} 31. Ba6 {[%clk 0:17:34]} Rd8 {[%clk 0:21:13]} 32. Rb4
{[%clk 0:17:24]} e5 {[%clk 0:17:59]} 33. fxe5 {[%clk 0:15:19]} f4
{[%clk 0:18:21]} 34. Qc2 {[%clk 0:04:20]} Qf5 {[%clk 0:16:41]} 35. Be1
{[%clk 0:03:52]} f3 {[%clk 0:14:13]} 36. Bg3 {[%clk 0:03:35]} Nf4
{[%clk 0:13:58]} 37. Bf1 {[%clk 0:03:18]} Bxg5 {[%clk 0:10:39]} 38. d5
{[%clk 0:01:53]} cxd5 {[%clk 0:10:30]} 39. c6 {[%clk 0:02:09]} Ne6
{[%clk 0:10:43]} 40. Rb7+ {[%clk 0:01:46]} Kg6 {[%clk 0:11:05]} 41. c7
{[%clk 0:01:24]} Rc8 {[%clk 0:11:29]} 42. Kh1 {[%clk 0:01:41]} Bf4
{[%clk 0:07:37]} 43. Bxf4 {[%clk 0:01:30]} Qxf4 {[%clk 0:07:27]} 44. Qc6
{[%clk 0:01:01]} Qxe5 {[%clk 0:07:27]} 45. Qd7 {[%clk 0:00:50]} Rxc7
{[%clk 0:07:28]} 46. Rxc7 {[%clk 0:01:01]} Nxc7 {[%clk 0:07:48]} 47. Qg4+
{[%clk 0:01:24]} Kf6 {[%clk 0:07:45]} 0-1

[Event "20 ans"]
[Site "?"]
[Date "2016.10.22"]
[Round "4.3"]
[White "Antipov, Mikhail Al."]
[Black "Gharamian, Tigran"]
[Result "1/2-1/2"]
[BlackElo "2626"]
[WhiteElo "2557"]
[LiveChessVersion "1.4.6"]

1. e4 {[%clk 1:30:57]} c6 {[%clk 1:30:50]} 2. d4 {[%clk 1:31:17]} d5
{[%clk 1:31:08]} 3. e5 {[%clk 1:31:43]} Bf5 {[%clk 1:31:19]} 4. Nf3
{[%clk 1:32:07]} e6 {[%clk 1:31:40]} 5. Be2 {[%clk 1:32:32]} Ne7 {[%clk 1:31:31]}
6. O-O {[%clk 1:32:50]} c5 {[%clk 1:31:37]} 7. c3 {[%clk 1:31:38]} Nec6
{[%clk 1:28:24]} 8. Be3 {[%clk 1:19:16]} cxd4 {[%clk 1:26:58]} 9. cxd4
{[%clk 1:19:40]} Be7 {[%clk 1:24:13]} 10. a3 {[%clk 1:16:41]} O-O
{[%clk 1:18:50]} 11. Nc3 {[%clk 1:15:33]} Nd7 {[%clk 1:16:51]} 12. Rc1
{[%clk 1:15:52]} Nb6 {[%clk 1:10:04]} 13. Na4 {[%clk 1:05:04]} Nxa4
{[%clk 1:09:24]} 14. Qxa4 {[%clk 1:05:28]} Qb6 {[%clk 1:09:35]} 15. b4
{[%clk 1:04:01]} a6 {[%clk 0:57:28]} 16. Rc3 {[%clk 0:53:59]} Rfc8
{[%clk 0:47:07]} 17. Rfc1 {[%clk 0:53:29]} Qd8 {[%clk 0:47:01]} 18. Qd1
{[%clk 0:52:04]} Na7 {[%clk 0:45:45]} 19. Rxc8 {[%clk 0:51:36]} Rxc8
{[%clk 0:46:07]} 20. Rxc8 {[%clk 0:51:56]} Qxc8 {[%clk 0:43:52]} 21. Qc1
{[%clk 0:52:21]} Qxc1+ {[%clk 0:38:41]} 22. Bxc1 {[%clk 0:52:49]} Bg4
{[%clk 0:38:42]} 23. Kf1 {[%clk 0:49:44]} Nc6 {[%clk 0:29:47]} 24. Bb2
{[%clk 0:50:00]} Bxf3 {[%clk 0:24:23]} 25. Bxf3 {[%clk 0:49:10]} b5
{[%clk 0:24:48]} 26. Bd1 {[%clk 0:41:21]} Kf8 {[%clk 0:17:39]} 27. f4
{[%clk 0:35:12]} f5 {[%clk 0:17:15]} 28. g4 {[%clk 0:30:10]} g6 {[%clk 0:17:35]}
29. gxf5 {[%clk 0:29:59]} gxf5 {[%clk 0:18:00]} 30. Bh5 {[%clk 0:20:52]} Bd8
{[%clk 0:17:36]} 31. Kf2 {[%clk 0:20:52]} Ke7 {[%clk 0:17:48]} 32. Ke3
{[%clk 0:19:10]} Kd7 {[%clk 0:18:10]} 33. Kd3 {[%clk 0:18:20]} Be7
{[%clk 0:17:38]} 34. Be2 {[%clk 0:14:47]} Bh4 {[%clk 0:15:24]} 35. Ke3
{[%clk 0:15:04]} Be1 {[%clk 0:14:07]} 36. Bh5 {[%clk 0:13:21]} Ne7
{[%clk 0:13:04]} 37. Ke2 {[%clk 0:13:16]} Bh4 {[%clk 0:13:27]} 38. Ke3
{[%clk 0:02:51]} Nc8 {[%clk 0:12:35]} 39. Bc1 {[%clk 0:03:18]} Nb6
{[%clk 0:12:55]} 40. Kd3 {[%clk 0:01:07]} Bf2 {[%clk 0:13:11]} 41. Bd1
{[%clk 0:01:21]} Bg1 {[%clk 0:11:55]} 42. h3 {[%clk 0:01:50]} Bf2
{[%clk 0:12:15]} 43. Bh5 {[%clk 0:01:42]} Nc8 {[%clk 0:10:14]} 44. Bd2
{[%clk 0:01:47]} Ne7 {[%clk 0:10:11]} 45. Be3 {[%clk 0:01:29]} Bg3
{[%clk 0:09:14]} 46. Ke2 {[%clk 0:01:46]} Nc6 {[%clk 0:09:03]} 47. Kd3
{[%clk 0:02:09]} Be1 {[%clk 0:07:46]} 48. Kc2 {[%clk 0:02:00]} Bh4
{[%clk 0:06:00]} 49. Be2 {[%clk 0:01:43]} Bg3 {[%clk 0:05:54]} 50. Kb3
{[%clk 0:00:54]} Ne7 {[%clk 0:05:13]} 51. a4 {[%clk 0:00:46]} Kc6
{[%clk 0:05:34]} 52. axb5+ {[%clk 0:01:10]} axb5 {[%clk 0:06:01]} 53. Bh5
{[%clk 0:01:25]} Ng6 {[%clk 0:06:22]} 54. Bxg6 {[%clk 0:01:51]} hxg6
{[%clk 0:06:50]} 55. Kc2 {[%clk 0:02:14]} Kd7 {[%clk 0:04:00]} 56. Kd2
{[%clk 0:02:39]} Ke8 {[%clk 0:04:24]} 57. Ke2 {[%clk 0:03:06]} Kf7
{[%clk 0:03:40]} 58. Bd2 {[%clk 0:03:29]} Kg7 {[%clk 0:03:48]} 59. Kf3
{[%clk 0:03:53]} Bh4 {[%clk 0:04:13]} 60. Kg2 {[%clk 0:04:14]} Kh6
{[%clk 0:04:37]} 61. Kf3 {[%clk 0:04:40]} Kh5 {[%clk 0:05:02]} 62. Kg2
{[%clk 0:05:03]} Be7 {[%clk 0:04:33]} 63. Kg3 {[%clk 0:04:56]} Bd8
{[%clk 0:04:30]} 64. Kf3 {[%clk 0:03:07]} Kh4 {[%clk 0:04:24]} 65. Kg2
{[%clk 0:03:31]} Bb6 {[%clk 0:04:27]} 66. Be3 {[%clk 0:03:48]} Ba7
{[%clk 0:04:38]} 67. Kh2 {[%clk 0:03:57]} Bb8 {[%clk 0:04:08]} 68. Kg2
{[%clk 0:04:15]} Bc7 {[%clk 0:04:32]} 69. Kh2 {[%clk 0:04:11]} Bd8
{[%clk 0:04:29]} 70. Kg2 {[%clk 0:04:35]} Kh5 {[%clk 0:02:38]} 71. Kf3
{[%clk 0:04:34]} Bb6 {[%clk 0:02:21]} 72. Kg3 {[%clk 0:04:53]} Bc7
{[%clk 0:02:39]} 73. Bc1 {[%clk 0:04:25]} Bb6 {[%clk 0:02:34]} 74. Be3
{[%clk 0:04:47]} Bd8 {[%clk 0:03:02]} 75. Kf3 {[%clk 0:05:06]} Kh4
{[%clk 0:02:09]} 76. Kg2 {[%clk 0:05:31]} Be7 {[%clk 0:02:09]} 77. Bd2
{[%clk 0:05:56]} Bf8 {[%clk 0:01:45]} 78. Be1+ {[%clk 0:05:57]} Kh5
{[%clk 0:02:11]} 79. Bd2 {[%clk 0:06:21]} Kh4 {[%clk 0:01:53]} 80. Be1+
{[%clk 0:06:45]} Kh5 {[%clk 0:02:19]} 1/2-1/2

[Event "20 ans"]
[Site "?"]
[Date "2016.10.22"]
[Round "4.4"]
[White "Andriasian, Zaven"]
[Black "Mikhalevski, Victor"]
[Result "1-0"]
[BlackElo "2523"]
[WhiteElo "2622"]
[LiveChessVersion "1.4.6"]

1. Nf3 {[%clk 1:30:57]} d5 {[%clk 1:30:45]} 2. c4 {[%clk 1:30:57]} e6
{[%clk 1:30:53]} 3. g3 {[%clk 1:30:51]} Nf6 {[%clk 1:31:11]} 4. Bg2
{[%clk 1:30:58]} dxc4 {[%clk 1:30:46]} 5. Qa4+ {[%clk 1:31:13]} Nbd7
{[%clk 1:31:03]} 6. Qxc4 {[%clk 1:31:33]} a6 {[%clk 1:31:12]} 7. Qc2
{[%clk 1:31:55]} c5 {[%clk 1:28:11]} 8. d4 {[%clk 1:32:01]} b6 {[%clk 1:23:00]}
9. O-O {[%clk 1:22:27]} Bb7 {[%clk 1:22:31]} 10. Nc3 {[%clk 1:21:13]} Rc8
{[%clk 1:20:09]} 11. Rd1 {[%clk 1:19:11]} b5 {[%clk 1:19:27]} 12. Qd2
{[%clk 0:54:27]} Qb6 {[%clk 0:58:56]} 13. Qe1 {[%clk 0:42:00]} cxd4
{[%clk 0:37:02]} 14. Nxd4 {[%clk 0:42:12]} Bxg2 {[%clk 0:37:28]} 15. Kxg2
{[%clk 0:42:31]} Bc5 {[%clk 0:27:52]} 16. Nf3 {[%clk 0:34:53]} Qc6
{[%clk 0:25:46]} 17. e4 {[%clk 0:20:01]} b4 {[%clk 0:20:14]} 18. Nd5
{[%clk 0:19:32]} Qb7 {[%clk 0:20:39]} 19. Nxf6+ {[%clk 0:15:42]} Nxf6
{[%clk 0:21:08]} 20. Nd2 {[%clk 0:15:33]} Ba7 {[%clk 0:16:25]} 21. Nf3
{[%clk 0:05:53]} Nxe4 {[%clk 0:12:57]} 22. Be3 {[%clk 0:06:15]} Bxe3
{[%clk 0:13:06]} 23. Qxe3 {[%clk 0:06:44]} Rc2 {[%clk 0:13:11]} 24. Rac1
{[%clk 0:02:57]} Rxf2+ {[%clk 0:12:10]} 25. Kg1 {[%clk 0:03:26]} O-O
{[%clk 0:12:29]} 26. Ng5 {[%clk 0:03:12]} Nxg5 {[%clk 0:11:05]} 27. Kxf2
{[%clk 0:03:41]} Nh3+ {[%clk 0:11:29]} 28. Ke1 {[%clk 0:03:19]} Qh1+
{[%clk 0:11:50]} 29. Ke2 {[%clk 0:03:30]} Qxh2+ {[%clk 0:11:24]} 30. Kf3
{[%clk 0:03:49]} h6 {[%clk 0:08:51]} 31. Rd2 {[%clk 0:04:02]} Nf2
{[%clk 0:06:35]} 32. Qxf2 {[%clk 0:04:06]} Qh3 {[%clk 0:06:49]} 33. Qd4
{[%clk 0:04:13]} h5 {[%clk 0:06:06]} 34. Qh4 {[%clk 0:04:26]} Qf5+
{[%clk 0:06:30]} 35. Kg2 {[%clk 0:04:38]} a5 {[%clk 0:05:49]} 36. Rd8
{[%clk 0:03:34]} g5 {[%clk 0:05:39]} 37. Rxf8+ {[%clk 0:03:18]} Kxf8
{[%clk 0:06:07]} 38. Qxh5 {[%clk 0:02:07]} Qd5+ {[%clk 0:06:27]} 39. Kh3
{[%clk 0:02:29]} Kg7 {[%clk 0:06:11]} 40. Rf1 {[%clk 0:01:55]} f6
{[%clk 0:06:13]} 41. Qd1 {[%clk 0:01:42]} Qc6 {[%clk 0:05:29]} 42. Qf3
{[%clk 0:01:56]} 1-0

[Event "20 ans"]
[Site "?"]
[Date "2016.10.22"]
[Round "4.5"]
[White "Vocaturo, Daniele"]
[Black "Deac, Bogdan-Daniel"]
[Result "0-1"]
[BlackElo "2543"]
[WhiteElo "2600"]
[LiveChessVersion "1.4.6"]

1. d4 {[%clk 1:30:50]} Nf6 {[%clk 1:30:54]} 2. c4 {[%clk 1:30:56]} e6
{[%clk 1:31:19]} 3. Nf3 {[%clk 1:30:51]} d5 {[%clk 1:31:42]} 4. Nc3
{[%clk 1:30:46]} Bb4 {[%clk 1:31:43]} 5. cxd5 {[%clk 1:28:56]} exd5
{[%clk 1:31:35]} 6. Bf4 {[%clk 1:28:24]} c6 {[%clk 1:29:44]} 7. e3
{[%clk 1:24:09]} Bf5 {[%clk 1:29:36]} 8. Be2 {[%clk 1:18:11]} Ne4
{[%clk 1:13:35]} 9. Qb3 {[%clk 1:16:46]} Qb6 {[%clk 1:13:22]} 10. Rc1
{[%clk 1:12:34]} Ba5 {[%clk 1:10:48]} 11. Bd1 {[%clk 1:07:34]} Nd7
{[%clk 1:02:29]} 12. O-O {[%clk 1:03:39]} Qxb3 {[%clk 0:39:47]} 13. Bxb3
{[%clk 1:04:02]} Ndf6 {[%clk 0:40:13]} 14. Nxe4 {[%clk 0:49:14]} Nxe4
{[%clk 0:40:19]} 15. Bc2 {[%clk 0:48:36]} f6 {[%clk 0:37:29]} 16. a3
{[%clk 0:42:14]} g5 {[%clk 0:33:40]} 17. Bg3 {[%clk 0:41:38]} h5 {[%clk 0:33:57]}
18. b4 {[%clk 0:41:03]} Bd8 {[%clk 0:31:55]} 19. h4 {[%clk 0:39:07]} Nxg3
{[%clk 0:28:10]} 20. fxg3 {[%clk 0:39:32]} Bxc2 {[%clk 0:28:32]} 21. Rxc2
{[%clk 0:39:57]} gxh4 {[%clk 0:28:26]} 22. Nxh4 {[%clk 0:39:14]} Rg8
{[%clk 0:28:49]} 23. b5 {[%clk 0:35:15]} Kd7 24. Nf5 {[%clk 0:31:23]} Rg5
{[%clk 0:27:17]} 25. Rf3 {[%clk 0:25:40]} Rc8 {[%clk 0:25:34]} 26. a4
{[%clk 0:25:02]} Ke6 {[%clk 0:25:21]} 27. Nh4 {[%clk 0:23:30]} Rc7
{[%clk 0:22:30]} 28. Rcf2 {[%clk 0:20:28]} cxb5 {[%clk 0:19:29]} 29. axb5
{[%clk 0:20:52]} Rc1+ {[%clk 0:19:49]} 30. Kh2 {[%clk 0:20:50]} Rc7
{[%clk 0:04:30]} 31. Rf4 {[%clk 0:19:02]} Rd7 {[%clk 0:03:27]} 32. R2f3
{[%clk 0:18:06]} Rd6 {[%clk 0:02:05]} 33. e4 {[%clk 0:17:40]} dxe4
{[%clk 0:02:26]} 34. Rxe4+ {[%clk 0:18:06]} Kd7 {[%clk 0:02:48]} 35. Nf5
{[%clk 0:15:42]} Rd5 {[%clk 0:02:45]} 36. Nh6 {[%clk 0:16:02]} Rxb5
{[%clk 0:02:48]} 37. Nf7 {[%clk 0:16:24]} Rg4 {[%clk 0:03:12]} 38. Re2
{[%clk 0:15:47]} Rb6 {[%clk 0:00:37]} 39. d5 {[%clk 0:15:52]} Rg7
{[%clk 0:00:45]} 40. Nh6 {[%clk 0:16:13]} a5 {[%clk 0:00:35]} 41. Re4
{[%clk 0:15:07]} Rb5 {[%clk 0:00:58]} 42. Nf5 {[%clk 0:14:42]} Rg5
{[%clk 0:01:21]} 43. Ne3 {[%clk 0:14:56]} Rb3 {[%clk 0:01:37]} 44. Rf1
{[%clk 0:14:20]} b5 {[%clk 0:01:37]} 45. Nf5 {[%clk 0:14:14]} Rd3
{[%clk 0:02:00]} 46. Ne3 {[%clk 0:13:55]} Re5 {[%clk 0:02:22]} 47. Rxe5
{[%clk 0:13:34]} fxe5 {[%clk 0:02:51]} 48. Nd1 {[%clk 0:13:59]} b4
{[%clk 0:03:00]} 49. Nb2 {[%clk 0:14:23]} Rxd5 {[%clk 0:03:26]} 50. Nc4
{[%clk 0:14:49]} Bc7 {[%clk 0:03:19]} 0-1

[Event "20 ans"]
[Site "?"]
[Date "2016.10.22"]
[Round "4.6"]
[White "Azarov, Sergei"]
[Black "Loiseau, Quentin"]
[Result "1-0"]
[BlackElo "2439"]
[WhiteElo "2577"]
[LiveChessVersion "1.4.6"]

1. e4 {[%clk 1:30:57]} e5 {[%clk 1:28:08]} 2. Nf3 {[%clk 1:31:10]} Nc6
{[%clk 1:28:32]} 3. Bb5 {[%clk 1:31:28]} a6 {[%clk 1:28:29]} 4. Ba4
{[%clk 1:31:48]} Nf6 {[%clk 1:28:54]} 5. O-O {[%clk 1:32:03]} b5 {[%clk 1:28:20]}
6. Bb3 {[%clk 1:32:23]} Bb7 {[%clk 1:28:41]} 7. Re1 {[%clk 1:31:52]} Bc5
{[%clk 1:28:31]} 8. c3 {[%clk 1:31:46]} d6 {[%clk 1:28:04]} 9. d4
{[%clk 1:31:27]} Bb6 {[%clk 1:28:28]} 10. a4 {[%clk 1:29:49]} O-O
{[%clk 1:27:59]} 11. Bg5 {[%clk 1:29:16]} h6 {[%clk 1:28:03]} 12. Bh4
{[%clk 1:29:25]} exd4 {[%clk 1:27:58]} 13. cxd4 {[%clk 1:29:30]} g5
{[%clk 1:28:06]} 14. Nxg5 {[%clk 1:29:16]} hxg5 {[%clk 1:28:31]} 15. Bxg5
{[%clk 1:29:35]} Nxd4 {[%clk 1:28:39]} 16. Bd5 {[%clk 1:28:50]} Ne6
{[%clk 1:29:01]} 17. Bh4 {[%clk 1:28:42]} Bxd5 {[%clk 1:29:26]} 18. exd5
{[%clk 1:28:33]} Ng7 {[%clk 1:29:52]} 19. Qf3 {[%clk 1:27:42]} Re8
{[%clk 1:27:07]} 20. Nc3 {[%clk 1:27:16]} Rxe1+ {[%clk 1:24:49]} 21. Rxe1
{[%clk 1:27:23]} Bd4 {[%clk 1:25:16]} 22. h3 {[%clk 1:19:05]} Nge8
{[%clk 1:16:29]} 23. Ne4 {[%clk 0:40:35]} bxa4 {[%clk 0:55:24]} 24. Qf4
{[%clk 0:38:57]} Bxb2 {[%clk 0:29:03]} 25. Re3 {[%clk 0:38:08]} Rb8
{[%clk 0:28:26]} 26. Nxf6+ {[%clk 0:13:00]} Bxf6 {[%clk 0:26:51]} 27. Bxf6
{[%clk 0:13:20]} Nxf6 {[%clk 0:22:12]} 28. Qg5+ {[%clk 0:13:34]} Kh7
{[%clk 0:19:49]} 29. Rg3 {[%clk 0:13:40]} Ng4 {[%clk 0:19:24]} 30. Qxg4
{[%clk 0:12:51]} Qf6 {[%clk 0:19:36]} 31. Qh5+ {[%clk 0:11:05]} Qh6
{[%clk 0:20:04]} 32. Qf5+ {[%clk 0:10:39]} Kh8 {[%clk 0:20:13]} 33. Rg5
{[%clk 0:10:41]} a3 {[%clk 0:18:42]} 34. Rh5 {[%clk 0:10:54]} Qxh5
{[%clk 0:19:09]} 35. Qxh5+ {[%clk 0:11:19]} Kg8 {[%clk 0:19:36]} 36. Qg4+
{[%clk 0:11:40]} Kf8 {[%clk 0:20:02]} 37. Qa4 {[%clk 0:11:46]} 1-0

[Event "20 ans"]
[Site "?"]
[Date "2016.10.22"]
[Round "4.7"]
[White "Delorme, Axel"]
[Black "Bruno, Fabio"]
[Result "1-0"]
[BlackElo "2448"]
[WhiteElo "2513"]
[LiveChessVersion "1.4.6"]

1. d4 {[%clk 1:30:55]} Nf6 {[%clk 1:30:53]} 2. Nf3 {[%clk 1:31:01]} d5
{[%clk 1:30:25]} 3. c4 {[%clk 1:31:21]} e6 {[%clk 1:29:55]} 4. g3
{[%clk 1:31:46]} dxc4 {[%clk 1:28:54]} 5. Bg2 {[%clk 1:28:31]} a6
{[%clk 1:26:04]} 6. Ne5 {[%clk 1:24:38]} Bb4+ {[%clk 1:23:51]} 7. Nc3
{[%clk 1:25:02]} Nd5 {[%clk 1:23:10]} 8. Bd2 {[%clk 1:11:45]} Nb6
{[%clk 1:21:51]} 9. e3 {[%clk 0:58:24]} N8d7 {[%clk 1:21:57]} 10. Nxd7
{[%clk 0:54:47]} Qxd7 {[%clk 1:19:21]} 11. Ne4 {[%clk 0:52:41]} Be7
{[%clk 1:14:55]} 12. O-O {[%clk 0:49:49]} Nd5 {[%clk 1:10:33]} 13. Qc2
{[%clk 0:42:17]} b5 {[%clk 1:05:29]} 14. b3 {[%clk 0:42:07]} cxb3
{[%clk 1:05:32]} 15. axb3 {[%clk 0:41:35]} Rb8 {[%clk 0:47:45]} 16. Rfc1
{[%clk 0:37:20]} b4 {[%clk 0:45:38]} 17. Bf1 {[%clk 0:24:27]} Rb6
{[%clk 0:39:47]} 18. Nc5 {[%clk 0:16:51]} Bxc5 {[%clk 0:39:16]} 19. dxc5
{[%clk 0:17:19]} Rc6 {[%clk 0:35:45]} 20. Qc4 {[%clk 0:17:02]} O-O
{[%clk 0:32:53]} 21. e4 {[%clk 0:16:43]} Nc3 {[%clk 0:32:39]} 22. Bxc3
{[%clk 0:16:04]} bxc3 {[%clk 0:33:03]} 23. e5 {[%clk 0:16:16]} f6
{[%clk 0:26:01]} 24. Bg2 {[%clk 0:15:24]} fxe5 {[%clk 0:25:25]} 25. Qxc3
{[%clk 0:15:02]} a5 {[%clk 0:22:36]} 26. Rd1 {[%clk 0:14:07]} Qe8
{[%clk 0:22:56]} 27. Qxe5 {[%clk 0:10:43]} Bb7 {[%clk 0:10:46]} 28. Rxa5
{[%clk 0:10:53]} Qf7 {[%clk 0:11:03]} 29. Qe3 {[%clk 0:10:36]} Ra6
{[%clk 0:11:19]} 30. Rxa6 {[%clk 0:10:00]} Bxa6 {[%clk 0:11:43]} 31. c6
{[%clk 0:09:46]} Qf6 {[%clk 0:11:24]} 32. h4 {[%clk 0:09:32]} Bc8
{[%clk 0:11:16]} 33. Re1 {[%clk 0:07:19]} h6 {[%clk 0:05:45]} 34. b4
{[%clk 0:07:26]} e5 {[%clk 0:04:45]} 35. Qc5 {[%clk 0:07:43]} Re8
{[%clk 0:03:43]} 36. b5 {[%clk 0:07:57]} Bf5 {[%clk 0:03:49]} 37. b6
{[%clk 0:06:59]} cxb6 {[%clk 0:04:14]} 38. Qxb6 {[%clk 0:07:26]} e4
{[%clk 0:04:33]} 39. Qc5 {[%clk 0:07:27]} Kh7 {[%clk 0:03:38]} 40. c7
{[%clk 0:07:38]} Qe6 {[%clk 0:02:03]} 41. Rd1 {[%clk 0:07:04]} e3
{[%clk 0:02:13]} 42. Qxe3 {[%clk 0:04:10]} Qxe3 {[%clk 0:02:35]} 43. fxe3
{[%clk 0:04:33]} Rxe3 {[%clk 0:02:46]} 44. Rd5 {[%clk 0:04:38]} Bg4
{[%clk 0:02:22]} 45. Rd4 {[%clk 0:04:28]} Rxg3 {[%clk 0:00:31]} 46. Rxg4
{[%clk 0:03:34]} Rc3 {[%clk 0:01:00]} 47. Be4+ {[%clk 0:03:51]} Kh8
{[%clk 0:00:33]} 48. Rf4 {[%clk 0:04:10]} Kg8 {[%clk 0:00:39]} 49. Bd5+
{[%clk 0:04:35]} 1-0

[Event "20 ans"]
[Site "?"]
[Date "2016.10.22"]
[Round "4.8"]
[White "Barbot, Pierre"]
[Black "Leenhouts, Koen"]
[Result "0-1"]
[BlackElo "2499"]
[WhiteElo "2453"]
[LiveChessVersion "1.4.6"]

1. Nf3 {[%clk 1:28:27]} Nf6 {[%clk 1:30:46]} 2. c4 {[%clk 1:28:50]} c5
{[%clk 1:30:53]} 3. Nc3 {[%clk 1:29:15]} d5 {[%clk 1:30:59]} 4. cxd5
{[%clk 1:29:38]} Nxd5 {[%clk 1:31:23]} 5. e4 {[%clk 1:30:06]} Nb4
{[%clk 1:31:41]} 6. Bb5+ {[%clk 1:30:31]} N8c6 {[%clk 1:25:56]} 7. d4
{[%clk 1:30:48]} cxd4 {[%clk 1:21:43]} 8. a3 {[%clk 1:31:07]} Bd7
{[%clk 1:08:08]} 9. Nd5 {[%clk 1:19:22]} Nxd5 {[%clk 1:07:39]} 10. exd5
{[%clk 1:19:47]} Qa5+ {[%clk 1:07:49]} 11. Bd2 {[%clk 1:19:16]} Qxb5
{[%clk 1:07:56]} 12. dxc6 {[%clk 1:19:42]} Bxc6 {[%clk 1:03:04]} 13. Nxd4
{[%clk 1:16:04]} Qd5 {[%clk 0:58:44]} 14. Nxc6 {[%clk 1:14:44]} Qxg2
{[%clk 0:58:17]} 15. Rf1 {[%clk 1:14:16]} Qxc6 {[%clk 0:57:08]} 16. Rc1
{[%clk 1:13:47]} Qd7 {[%clk 0:49:25]} 17. Bf4 {[%clk 1:01:13]} Qxd1+
{[%clk 0:42:27]} 18. Kxd1 {[%clk 1:00:59]} g6 {[%clk 0:42:38]} 19. Rc7
{[%clk 0:53:35]} Bg7 {[%clk 0:41:09]} 20. Rxb7 {[%clk 0:54:01]} O-O-O+
{[%clk 0:41:32]} 0-1

[Event "20 ans"]
[Site "?"]
[Date "2016.10.22"]
[Round "5.1"]
[White "Deac, Bogdan-Daniel"]
[Black "Moiseenko, Alexander"]
[Result "1-0"]
[BlackElo "2648"]
[WhiteElo "2543"]
[LiveChessVersion "1.4.6"]

1. e4 {[%clk 1:30:57]} c5 {[%clk 1:30:51]} 2. Nf3 {[%clk 1:31:22]} Nc6
{[%clk 1:30:03]} 3. Bb5 {[%clk 1:31:47]} g6 {[%clk 1:29:58]} 4. Bxc6
{[%clk 1:32:13]} bxc6 {[%clk 1:30:24]} 5. O-O {[%clk 1:32:36]} Bg7
{[%clk 1:30:41]} 6. Re1 {[%clk 1:33:01]} Nh6 {[%clk 1:29:53]} 7. c3
{[%clk 1:33:11]} O-O {[%clk 1:29:55]} 8. h3 {[%clk 1:33:38]} d5 {[%clk 1:22:39]}
9. d3 {[%clk 1:34:04]} c4 {[%clk 1:22:54]} 10. dxc4 {[%clk 1:33:46]} dxe4
{[%clk 1:23:17]} 11. Qxd8 {[%clk 1:34:12]} Rxd8 {[%clk 1:23:43]} 12. Rxe4
{[%clk 1:34:36]} Nf5 {[%clk 1:23:06]} 13. Nbd2 {[%clk 1:34:18]} c5
{[%clk 1:21:39]} 14. Re1 {[%clk 1:34:32]} Bb7 {[%clk 1:19:53]} 15. Kf1
{[%clk 1:09:53]} a5 {[%clk 1:00:51]} 16. Ne4 {[%clk 0:51:48]} Rac8
{[%clk 0:56:06]} 17. a4 {[%clk 0:48:21]} Rd7 {[%clk 0:48:42]} 18. Nfd2
{[%clk 0:44:19]} e5 {[%clk 0:37:24]} 19. Ra3 {[%clk 0:42:41]} Ba6
{[%clk 0:30:15]} 20. Rb3 {[%clk 0:42:15]} Nd6 {[%clk 0:19:26]} 21. Rb6
{[%clk 0:40:36]} Nxe4 {[%clk 0:19:46]} 22. Rxe4 {[%clk 0:40:16]} Bb7
{[%clk 0:20:12]} 23. Re1 {[%clk 0:40:35]} f5 {[%clk 0:12:42]} 24. Nb3
{[%clk 0:40:49]} Be4 {[%clk 0:13:03]} 25. Rxe4 {[%clk 0:40:33]} fxe4
{[%clk 0:13:23]} 26. Ke2 {[%clk 0:40:58]} Bf8 {[%clk 0:10:32]} 27. Be3
{[%clk 0:37:17]} Rdd8 {[%clk 0:07:58]} 28. Nd2 {[%clk 0:35:40]} Rb8
{[%clk 0:08:01]} 29. Rb5 {[%clk 0:36:03]} Kf7 {[%clk 0:07:14]} 30. Nxe4
{[%clk 0:36:21]} Ke6 {[%clk 0:06:18]} 31. Bxc5 {[%clk 0:36:35]} Rxb5
{[%clk 0:06:31]} 32. axb5 {[%clk 0:37:00]} Bxc5 {[%clk 0:06:02]} 33. Nxc5+
{[%clk 0:37:25]} Ke7 {[%clk 0:06:20]} 34. b3 {[%clk 0:34:37]} Rc8
{[%clk 0:05:04]} 35. Na4 {[%clk 0:35:01]} Kd6 {[%clk 0:05:20]} 36. c5+
{[%clk 0:35:13]} Kc7 {[%clk 0:05:42]} 37. c4 Rd8 {[%clk 0:05:21]} 38. Nc3
{[%clk 0:35:56]} Rd4 {[%clk 0:04:58]} 39. Nd5+ {[%clk 0:36:19]} Kb8
{[%clk 0:04:14]} 40. c6 {[%clk 0:36:43]} a4 {[%clk 0:04:25]} 41. c7+
{[%clk 0:36:31]} Kb7 {[%clk 0:04:42]} 42. bxa4 {[%clk 0:36:56]} Rxc4
{[%clk 0:04:50]} 43. b6 {[%clk 0:37:08]} Re4+ {[%clk 0:03:33]} 44. Kf3
{[%clk 0:37:29]} Rxa4 {[%clk 0:03:58]} 45. Ne7 {[%clk 0:37:52]} 1-0